1627 1341 1348 1455 1261 1754 1375 1783 1720 1628 1498 1587 1085 1562 1147 1970 1313 1820 1973 1527 1763 1255 1886 1446 1251 1663 1672 1493 1338 1312 1519 1260 1592 1495 1354 1799 1302 1255 1092 1794 1776 1092 1706 1204 1642 1530 1798 1993 1870 1954 1509 1340 1806 1999 1296 1240 1248 1519 1920 1999 1239 1722 1319 1426 1201 1412 1131 1521 1348 1834 1311 1717 1408 1514 1960 1889 1041 1236 1324 1549 1042 1235 1714 1110 1275 1708 1018 1146 1660 1754 1172 1819 1252 1573 1718 1102 1082 1934 1093 BCNSPRNW ULIB Ver.6.0+V

เปลี่ยนเป็นภาษาไทย

Change to English
 แสดงรายละเอียดบรรณานุกรม
  กลับหน้าหลัก

Brief Record : Get Marc (ISO 2709) : E-mail record : QR code < ปิดหน้าต่าง
LEADER : 00000nam 2200000uu 4500
001    13399112669
003     ULIB
008    110901s2552||||th 000 0 tha d
020    9789741111008
050  4 K44^bช223ร 2552
100 0  ชลธาร วิศรุตวงศ์
245 00 รวมกฎหมายยาสูบ =^bTobacco law /^cโดย ชลธาร วิศรุตวงศ์ ...[และคนอื่นๆ]
246 31 Tobacco law
250    พิมพ์ครั้งที่ 1
260    กรุงเทพฯ :^bศูนย์วิจัยและจัดการความรู้เพื่อการควบคุมยาสูบ (ศจย.),^c2552
300    ก-ณ, 558 หน้า :^bภาพประกอบ ;^c26 ซม.
536    สนับสนุนโดย ศูนย์วิจัยและจัดการความรู้เพื่อการควบคุมยาสูบ(ศจย.) และ สำนักงานกองทุนสนับสนุนการสร้างเสริมสุขภาพ (สสส.)
610 27 กระทรวงการคลัง^xประกาศ
610 27 กรมสรรพสามิต^xประกาศ
650  4 พระราชบัญญัติยาสูบ พ.ศ. 2509
650  4 พระราชบัญญัติควบคุมผลิตภัณฑ์ยาสูบ พ.ศ. 2535
650  4 พระราชบัญญัติคุ้มครองสุขภาพของผู้ไม่สูบบุหรี่ พ.ศ. 2535
650  4 บุหรี่^vกฎหมายและระเบียบข้อบังคับ^zไทย
650  4 ยาสูบ^vกฎหมายและระเบียบข้อบังคับ^zไทย
700 0  ชลธาร วิศรุตวงศ์
710 2  ศูนย์วิจัยและจัดการความรู้เพื่อการควบคุมยาสูบ (ศจย.)
710 2  สำนักงานกองทุนสนับสนุนการสร้างเสริมสุขภาพ (สสส.)
945    ^p0^l0^i025749
945    ^p0^l0^i025750
995    ทศพร
999 ^a ทศพร
รายการนี้ยังไม่มีแท็ก
คุณยังไม่ได้ล็อกอิน คุณสามารถมีกิจกรรมร่วมกับเว็บไซต์ได้ แต่ต้องล็อกอินก่อน ::
  ล็อกอิน

รายการสื่อสารสนเทศ

ลำดับที่ ประเภท เลขเรียก/บาร์โค้ด สถานที่ สถานะ
- ไม่พบข้อมูล -

รายการใกล้เคียง
    ผู้แต่ง [ชลธาร วิศรุตวงศ์]

BibComment


ยังไม่เคยถูกคอมเมนท์

คอมเมนท์ทรัพยากรรายการนี้
  คอมเมนท์: รวมกฎหมายยาสูบ T..


 Copyright 2026. Bcnsprnw @Library